000 00491nam a22001577a 4500
005 20240517141127.0
008 240517b |||||||| |||| 00| 0 eng d
041 _aEnglish
082 _a349 LAW
100 _lEnglish
245 _aThe Law Reports: Appeal Cases
260 _aLondon:
_bThe Incorporated Council for Law Reporting for England and Wales,
_c1938
300 _bxxvi, 736 pages;
_c25 cm.
650 _aLegal practice
_bLaw
942 _cBK
_6ALISON_BN_VRIES
999 _c1721
_d1721